000 00607nam a22002417a 4500
003 UA-OsUOA
001 65549
007 ta
008 20091126b un ||||| |||| 00| 0 ukr d
100 _aБоровко М.
090 _a821.161.2-1
_bБ83
942 _cBK
040 _aUA-OsUOA
_bukr
_cUA-OsUOA
_dUA-OsUOA
245 _aРіздво весни
300 _a94 с.
955 _a2
041 _aukr
080 _a821.161.2-1
020 _a966-504-371-4
260 _aК.
_bГенеза
_c2003
650 7 _a82 Література. Літературознавство
_2UDC
999 _c351539
_d351539